|
|
|
|
| LEADER |
00000 gm a2200000 i 4500 |
| 001 |
1/17107 |
| 008 |
111214s2004 eng d |
| 035 |
|
|
|l 10111594
|
| 040 |
|
|
|a GR-MY-UA
|b gre
|e aacr
|
| 041 |
0 |
|
|a eng
|
| 082 |
0 |
|
|a 776
|2 (22)
|
| 245 |
1 |
4 |
|a The best of Renderosity 2003
|h [μαγνητοσκόπηση]
|
| 260 |
|
|
|a [S.l.] :
|b [s.n.],
|c c2004
|
| 300 |
|
|
|a 1 βιντεοδίσκος (72 λεπτ.);
|b με ήχ., έγχρ.;
|c 4 3/4 ίν.
|
| 500 |
|
|
|a Στα αγγλικά
|
| 508 |
|
|
|a Παραγωγή, σκηνοθεσία, μουσική: Spike
|
| 520 |
|
|
|a Αναπαραστάσεις εικόνων και κινουμένων σχεδίων από καλλιτέχνες από όλο τον κόσμο.
|
| 650 |
0 |
0 |
|a Digital art.
|
| 852 |
|
|
|a INST
|b SYROS
|c AV
|e 20111214
|h 776 BES
|p 005500009932
|q 005500009932
|t DVD
|y 23
|
| 901 |
|
|
|a BIBL5-2008-1
|
| 909 |
|
|
|a Ε
|b 129678
|
| 920 |
|
|
|a ΑΝΑΜΟΡΦΩΣΗ
|b ΕΠΕΑΕΚ ΙΙ-ΤΜΣΠΣ
|y ΣΥΡΟΣ
|z 2006-06
|
| 970 |
|
|
|a ΚΟΝΤΟΥ
|b ΠΑΡΑΣΚΕΥΗ
|z 2011/12/14
|